000
00294nam a22001217a 4500
020
_a
8170412064
082
_a
330.37
100
_a
Enaohwo,John O
245
_a
Economics of education and the planning challenge
260
_a
New Delhi
_b
Anmol publishing
_c
1990
300
_a
282p
942
_c
BK
999
_c
3336
_d
3336